Welcome to the Holygrace Academy Library

Please use search bar below to get started

MY BAPTISM BOOK (Record no. 2482)

MARC details
000 -LEADER
fixed length control field 00426nam a22001577a 4500
020 ## - INTERNATIONAL STANDARD BOOK NUMBER
ISBN 0-7151-4091-8
082 ## - DEWEY DECIMAL CLASSIFICATION NUMBER
Classification number 823
Item number MUR/B
100 ## - MAIN ENTRY--AUTHOR NAME
Personal name MURRIE, DIANA
245 ## - TITLE STATEMENT
Title MY BAPTISM BOOK
Remainder of title CHILD'S GUIDE TO BAPTISM
246 ## - VARYING FORM OF TITLE
Title proper/short title MY BAPTISM BOOK
Remainder of title CHILD'S GUIDE TO BAPTISM
260 ## - PUBLICATION, DISTRIBUTION, ETC. (IMPRINT)
Place of publication UK
Name of publisher CHURCH HOUSE PUBLISHING
Year of publication 2008
300 ## - PHYSICAL DESCRIPTION
Number of Pages 32
520 ## - SUMMARY, ETC.
Summary, etc CHILD'S GUIDE TO BAPTISM
650 ## - SUBJECT ADDED ENTRY--TOPICAL TERM
Topical Term CHILD'S GUIDE TO BAPTISM
942 ## - ADDED ENTRY ELEMENTS (KOHA)
Koha item type Books
Holdings
Withdrawn status Lost status Collection code Home library Current library Shelving location Date acquired Source of acquisition Cost, normal purchase price Full call number Accession Number Koha item type
    Fiction Main Library Main Library SHELF 4-D MYTHOLOGY 01/02/2019 Purchase 30.00 823 MUR/B 10970 Books